000
00367nam a2200133Ia 4500
008
100328s9999 xx 000 0 und d
082
_b
63069
100
_a
बोरकर कमलाकर.
245
_a
नागमुकुट.
260
_b
त्रिदल.
630
_a
नागमुकुट.
730
_a
नागमुकुट.
942
_c
BOOK
999
_c
548991
_d
548988